000 00751cab a2200229 4500
001 WB3012-39
008 090401t1994 xxu||||| |||| 00| 0 eng d
035 _a(Sirsi) u10864
041 _aeng
245 _aRailtrack`s arrival signals bids
260 _c1994
350 _a0
490 _aTimes
_v22 March 1994, 29(2)
520 _a1 April 1994 will see ownership of the railway infrastructure vested in a new company, Railtrack, separate from that of the trains themselves, prior to a round of competitive bids from commercial service operators.
650 _aBRITISH RAIL
650 _aPRIVATISATION
650 _aRAILTRACK PROPERTY
650 _aRAILWAYS
690 _aTRANSPORT AND COMMUNICATIONS
942 _n0
948 _c04/03/1997
999 _c6915
_d6915